Szczegóły MARC21

Historie Jakubowe ; Młody Józef /

003 -Nazwa inst., której nr kontr. jest w polu 001 [,]
    • @
    • Nazwa instytucji, której n kontrolny jest w polu 001
    • NUKAT
005 -DATA I CZAS OSTATNIEJ MODYFIKACJI [,]
    • @
    • pole kontrolne
    • 20241231101204.0
040 -Instytucja sporządzająca opis [ , ]
    • a
    • Instytucja, która sporządziła opis (NP)
    • GD U/AP
    • c
    • Instytucja, która sporządziła rekord (NP)
    • GD U/AP
    • d
    • Instytucja, która zmodyfikowała rekord (P)
    • GD U/AP
    • d
    • Instytucja, która zmodyfikowała rekord (P)
    • LUBL M/ASIs
041 -Język dokumentu [1, ]
    • a
    • Język tekstu (P)
    • polski
    • h
    • Język tekstu oryginalnego i/lub pośredniego (P)
    • niemiecki
942 -Rodzaj dokumentu [ , ]
    • c
    • Rodzaj dokumentu
    • Książka
100 -Hasło główne - nazwa osobowa [1, ]
    • a
    • Nazwa osobowa (NP)
    • Mann, Thomas
    • d
    • Daty biograficzne (NP)
    • (1875-1955).
    • 9
    • KHW
    • 12980
240 -Tytuł ujednolicony [1,0]
    • a
    • Tytuł ujednolicony
    • Geschichten Jaakobs
    • l
    • Język tekstu
    • (pol.)
    • 9
    • KHW
    • 75856
245 -Strefa tytułu i oznaczenia odpowiedzialności [1,0]
    • a
    • Tytuł
    • Historie Jakubowe ; Find
    • b
    • Ciąg dalszy tytułu (NP)
    • Młody Józef / Find
    • c
    • Pozostałe elementy strefy tytułu i oznaczenia odpowiedzialności (NP)
    • Tomasz Mann ; tł. Edyta Sicińska.
250 -Strefa wydania [ , ]
    • a
    • Oznaczenie wydania (NP)
    • Wyd. 2.
260 -Strefa adresu wydawniczego [ , ]
    • a
    • Miejsce wydania (P)
    • Warszawa :
    • b
    • Nazwa wydawcy (P)
    • Czytelnik,
    • c
    • Data wydania (P)
    • 1967.
300 -Strefa opisu fizycznego [ , ]
    • a
    • Określenie formy książki i/lub objętość (NP)
    • 556, [4] s. ;
    • c
    • Format (NP)
    • 21 cm.
336 -Typ zawartości [ , ]
    • a
    • Termin opisujący typ zawartości
    • Tekst
    • b
    • Kod określający zawartość
    • txt
    • 2
    • Źródło (terminu i kodu)
    • rdacontent
337 -Typ mediów [ , ]
    • a
    • Tryb odtwarzania
    • Bez urządzenia pośredniczącego
    • b
    • Kod typu mediów
    • n
    • 2
    • Źródło (terminu i kodu)
    • rdamedia
338 -Typ/rodzaj nośnika [ , ]
    • a
    • Hasło opisujące typ nośnika
    • Wolumin
    • b
    • Kod typu nośnika
    • nc
    • 2
    • Źródło (terminu i kodu)
    • rdacarrier
490 -Strefa serii i książki wielotomowej - forma nie do wyszukiwania [1, ]
    • a
    • Tytuł (P)
    • Józef i jego bracia / Tomasz Mann ; Find
    • v
    • Numeracja (P)
    • 1
080 -Uniwersalna Klasyfikacja Dziesiętna [ , ]
    • a
    • Symbol klasyfikacji
    • 821.112.2-3
    • 2
    • Identyfikator wydania tablic
    • UDC-P058
    • 9
    • UKD
    • 8180
    • b
    • Dopowiedzenie
    • Literatura niemiecka. - Powieści, nowele, opowiadania.
    • 4
    • UKD2
    • 8230
    • x
    • Poddział wspólny
    • "19"
    • c
    • Dopowiedzenie poddz. wspólnego
    • Wiek XX.
600 -Hasło przedmiotowe w formie nazwy osobowej [0,7]
    • a
    • Nazwa osobowa
    • Józef
    • c
    • Dopowiedzenie
    • (postać biblijna)
    • v
    • Określnik formalny
    • powieści.
    • 2
    • Źródło terminu
    • kaba
    • 9
    • KHW
    • 386628
600 -Hasło przedmiotowe w formie nazwy osobowej [0,7]
    • a
    • Nazwa osobowa
    • Jakub
    • c
    • Dopowiedzenie
    • (postać biblijna)
    • v
    • Określnik formalny
    • powieści.
    • 2
    • Źródło terminu
    • kaba
    • 9
    • KHW
    • 386629
655 -Hasło w funkcji tematu formalnego [ ,7]
    • a
    • Hasło
    • Powieść niemiecka
    • y
    • Określnik chronologiczny
    • 1900-1945
    • v
    • Określnik formy
    • tłumaczenia polskie.
    • 2
    • Źródło terminu
    • kaba
    • 9
    • KHW
    • 351473
980 -Symbol UKD [ , ]
    • a
    • UKD
    • 821.112.2-3"19"
700 -Hasło dodatkowe - nazwa osobowa [1, ]
    • a
    • Nazwa osobowa (NP)
    • Sicińska-Gałuszkowa, Edyta Find
    • d
    • Daty biograficzne (NP)
    • (1909-1979).
    • e
    • Określenie rodzaju współpracy
    • Tł.
    • 9
    • KHW
    • 51503
700 -Hasło dodatkowe - nazwa osobowa [1,2]
    • a
    • Nazwa osobowa (NP)
    • Mann, Thomas Find
    • d
    • Daty biograficzne (NP)
    • (1875-1955).
    • t
    • Tytuł ujednolicony/tytuł (NP)
    • Junge Joseph Find
    • l
    • Język tekstu (NP)
    • (pol.)
    • 9
    • KHW
    • 75854
710 -Hasło dodatkowe - nazwa ciała zbiorowego [2, ]
    • a
    • Nazwa ciała zbiorowego lub nazwa geograficzna jako pierwszy element (NP)
    • Spółdzielnia Wydawnicza "Czytelnik".
    • 4
    • Kod relacji
    • pbl
    • 9
    • KHW
    • 52317
800 -Hasło dodatkowe opisu książki wielotomowej - nazwa osobowa [1, ]
    • a
    • Nazwa osobowa (NP)
    • Mann, Thomas
    • d
    • Daty biograficzne (NP)
    • (1875-1955).
    • t
    • Tytuł ujednolicony/tytuł (NP)
    • Joseph und seine Brüder
    • l
    • Język tekstu (NP)
    • (pol.)
    • v
    • Oznaczenie tomu (NP)
    • 1
    • 9
    • KHW
    • 75853
Data inwentaryzacji Lokalizacja Numer inwentarzowy Sygnatura Status udost.
2003-12-22BGZ.32650Z.326501
2004-06-23BMP.19140Pol. Literatura niemiecka-3